Záväzky v účtovníctve podnikateľských subjektov bakalárska práca

Saved in:
Bibliographic Details
Main Author: Kisantalová, Alica
Corporate Author: Fakulta hospodárskej informatiky EU. Katedra účtovníctva a audítorstva
Other Authors: Szászová, Renáta
Format: Book
Language:Slovak
Published: Bratislava 2014
Tags: Add Tag
No Tags, Be the first to tag this record!

MARC

LEADER 00000nbm a2200000 4500
001 0191734
005 20170201103802.5
041 0 |a slo 
044 |a SK 
245 1 0 |a Záväzky v účtovníctve podnikateľských subjektov  |b bakalárska práca  |c Alica Kisantalová ; školiteľ: Renáta Szászová 
264 1 |a Bratislava  |c 2014 
300 |a 39 s. 
100 1 |a Kisantalová, Alica 
700 1 |a Szászová, Renáta 
710 2 |a Fakulta hospodárskej informatiky EU. Katedra účtovníctva a audítorstva